[Event "on which square would you like to be mated?"]
[Site "SchemingMind.com"]
[Date "2008.07.08"]
[Round "-"]
[White "dvaldez"]
[Black "faulty"]
[Result "1-0"]
[WhiteCountry "CAN"]
[BlackCountry "USA"]
[WhiteElo "1920"]
[WhiteRD "85"]
[BlackElo "1952"]
[BlackRD "70"]
[GameID "162573"]

1. e4 e6 2. d4 d5 3. Nd2 c5 4. Ngf3 Nc6 5. exd5 exd5 6. Bb5 Be6 7. O-O a6 8. Bxc6+ bxc6 9. dxc5 Bxc5 10. Nb3 Bd6
11. Qd4 Nf6 12. Bg5 O-O 13. Nc5 Bxc5 14. Qxc5 Ne4 15. Bxd8 Nxc5 16. Be7
1-0

[Event "on which square would you like to be mated?"]
[Site "SchemingMind.com"]
[Date "2008.07.12"]
[Round "-"]
[White "calidore"]
[Black "faulty"]
[Result "1/2-1/2"]
[WhiteCountry "ISR"]
[BlackCountry "USA"]
[WhiteElo "1867"]
[WhiteRD "47"]
[BlackElo "2003"]
[BlackRD "69"]
[GameID "162574"]

1. e4 e5 2. Nf3 Nc6 3. Bc4 Bc5 4. b4 Bxb4 5. c3 Bc5 6. O-O Nf6 7. d4 Bd6 8. dxe5 Bxe5 9. Ba3 d6 10. Nxe5 Nxe5
11. Bb3 O-O 12. f4 Ng6 13. e5 Ne8 14. Nd2 Be6 15. Bxe6 fxe6 16. Qb3 Nxf4 17. Ne4 Qc8 18. Rad1 Nd5 19. Rxf8+ Kxf8 20. exd6 cxd6
21. Nxd6 Nxd6 22. Bxd6+ Kf7 23. c4 Nf6 24. c5 Qc6 25. Re1 Qd5 26. Qb4 Re8 27. Rb1 Qxa2 28. Qxb7+ Kg6 29. Rb2=
1/2-1/2

[Event "on which square would you like to be mated?"]
[Site "SchemingMind.com"]
[Date "2008.07.08"]
[Round "-"]
[White "Pedro666"]
[Black "faulty"]
[Result "1-0"]
[WhiteCountry "POL"]
[BlackCountry "USA"]
[WhiteElo "2022"]
[WhiteRD "75"]
[BlackElo "1952"]
[BlackRD "70"]
[GameID "162575"]

1. d4 Nf6 2. Nf3 d5 3. c4 c6 4. cxd5 cxd5 5. Nc3 Nc6 6. Bf4 a6 7. e3 g6 8. h3 Bg7 9. Bd3 O-O 10. O-O Bf5
11. Bxf5 gxf5 12. Ne5 e6 13. Nxc6 bxc6 14. Na4 Ne4 15. Rc1 Rc8 16. Qe2 Qa5 17. b3 Rfd8 18. f3 Nd2 19. Qe1 Nc4 20. Qxa5 Nxa5
21. Nb6
1-0

[Event "on which square would you like to be mated?"]
[Site "SchemingMind.com"]
[Date "2008.07.08"]
[Round "-"]
[White "WENDELL DUKES"]
[Black "faulty"]
[Result "0-1"]
[WhiteCountry "USA"]
[BlackCountry "USA"]
[WhiteElo "1856"]
[WhiteRD "94"]
[BlackElo "1947"]
[BlackRD "79"]
[GameID "162576"]

1. e4 c6 2. d4 d5 3. exd5 cxd5 4. Nf3 Bf5 5. Be2 e6 6. O-O Bd6 7. Nc3 a6 8. a3 Nc6 9. Bg5 f6 10. Be3 Bg6
11. Re1 Nge7 12. Bd3 O-O 13. Qd2 Qc7 14. h3 Rae8 15. Na4 b5 16. Nc5 Bxc5 17. dxc5 e5 18. Bxg6 hxg6 19. c3 Na5 20. Qe2 Nb3
21. Rad1 Nxc5 22. Bxc5 Qxc5 23. Nd2 Nc6 24. Nb3 Qd6 25. Qe4 Ne7 26. Qe3 Rc8 27. f4 Nf5 28. Qd2 Rcd8 29. Rf1 Qb6+ 30. Rf2 Ne3
31. Re1 exf4 32. Nd4 g5 33. Qd3 Rde8 34. Qg6 Re4 35. Rfe2 Qa7 36. Kh1 Qf7 37. Qxf7+ Kxf7 38. Nb3 Re6 39. Nd4 Rd6 40. Nc2 Nxc2
41. Rxc2 Re8 42. Rxe8 Kxe8 43. Kg1 Kd7 44. Kf2 d4 45. cxd4 Rxd4 46. Kf3 f5 47. Ke2 g6 48. Rc5 Re4+ 49. Kd3 Re3+ 50. Kd2 Rg3
51. Rd5+ Ke6 52. Rd8 Rxg2+ 53. Kc3 f3 54. Rd1 f2 55. Rf1 g4 56. hxg4 fxg4 57. Kd2 g3 58. Ke2 Rg1 59. Rxf2 gxf2 60. Kxf2 Rb1
61. b4 Ke5 62. Kg2 Kf4 63. Kf2 Rb2+ 64. Kg1 Kf3 65. Kh1 Kg3 66. Kg1 Rb1#
0-1

[Event "on which square would you like to be mated?"]
[Site "SchemingMind.com"]
[Date "2008.07.12"]
[Round "-"]
[White "flodur"]
[Black "faulty"]
[Result "1-0"]
[WhiteCountry "AUS"]
[BlackCountry "USA"]
[WhiteElo "2122"]
[WhiteRD "83"]
[BlackElo "1930"]
[BlackRD "93"]
[GameID "162577"]

1. e4 e5 2. Nf3 Nc6 3. Bb5 a6 4. Ba4 Nf6 5. O-O Be7 6. Re1 b5 7. Bb3 d6 8. c3 Bg4 9. h3 Bh5 10. d3 O-O
11. Nbd2 Na5 12. Bc2 c5 13. Nf1 h6 14. Ng3 Bg6 15. Nh4 Bh7 16. Nhf5 Re8 17. Qf3 Bf8 18. a3 c4 19. d4 Nc6 20. d5 Nb8
21. a4 Nbd7 22. axb5 axb5 23. Be3 Ra5 24. Reb1 Qa8 25. Qd1 Ra2 26. Qc1 Rxa1 27. Rxa1 Qc8 28. Ra7 Nc5 29. f3 Bg6 30. Qa1 Nh5
31. Nxh5 Bxh5 32. Kh2 Bg6 33. g4 Bxf5 34. gxf5 Be7 35. Qg1 Kf8 36. Qa1 Bd8 37. Ra8 Qc7 38. Qa3 Qb6 39. Rc8 Bc7 40. Qa8 Bb8
41. Qc6 Qxc6 42. Rxc6 Nd7 43. Ra6 Rc8 44. Ra5 Bc7 45. Rxb5 Rb8 46. Rxb8+ Nxb8 47. Ba4 Na6 48. Bb5 Nc5 49. Bxc4 Bb6 50. b4 Na4
51. Bxb6 Nxb6 52. Bb5 Ke7 53. Kg3 Kd8 54. Kg4 Ke7 55. Kh5 Kf6 56. c4 Ke7 57. c5 Nc8 58. Ba6 Na7 59. b5 Nxb5 60. Bxb5
1-0

[Event "on which square would you like to be mated?"]
[Site "SchemingMind.com"]
[Date "2008.07.09"]
[Round "-"]
[White "AlekhineKid"]
[Black "faulty"]
[Result "1-0"]
[WhiteCountry "USA"]
[BlackCountry "USA"]
[WhiteElo "1979"]
[WhiteRD "91"]
[BlackElo "1952"]
[BlackRD "70"]
[GameID "162794"]

1. d4 Nf6 2. c4 e6 3. Nf3 c5 4. d5 exd5 5. cxd5 d6 6. Nc3 a6 7. a4 Nbd7 8. e4 g6 9. Be2 Bg7 10. O-O O-O
11. Nd2 Ne8 12. Nc4 Ne5 13. Ne3 Nd7 14. Ra3 h5 15. Kh1 Nc7 16. f4 Nf6 17. e5 dxe5 18. fxe5 Ng4 19. Bxg4 Bxg4 20. Nxg4 hxg4
21. Bf4 Qd7 22. d6 Ne8 23. Nd5 Qe6 24. Ne7+ Kh7 25. Qe1 g5 26. Bxg5 Bxe5 27. Qh4+
1-0

[Event "on which square would you like to be mated?"]
[Site "SchemingMind.com"]
[Date "2008.07.09"]
[Round "-"]
[White "AlekhineKid"]
[Black "dvaldez"]
[Result "0-1"]
[WhiteCountry "USA"]
[BlackCountry "CAN"]
[WhiteElo "1713"]
[WhiteRD "78"]
[BlackElo "1953"]
[BlackRD "87"]
[GameID "162795"]

1. d4 Nf6 2. c4 e6 3. Nf3 c5 4. d5 exd5 5. cxd5 d6 6. Nc3 g6 7. e4 Bg7 8. Be2 O-O 9. O-O a6 10. a4 Bg4
11. Bg5 h6 12. Bf4 Bxf3 13. Bxf3 Qe7 14. e5 Ne8 15. exd6 Nxd6 16. Re1 Qf6 17. Qc1 g5 18. Bxd6 Qxd6
0-1

[Event "on which square would you like to be mated?"]
[Site "SchemingMind.com"]
[Date "2008.07.12"]
[Round "-"]
[White "AlekhineKid"]
[Black "calidore"]
[Result "0-1"]
[WhiteCountry "USA"]
[BlackCountry "ISR"]
[WhiteElo "1790"]
[WhiteRD "83"]
[BlackElo "1883"]
[BlackRD "58"]
[GameID "162796"]

1. e4 Nf6 2. e5 Nd5 3. d4 d6 4. Nf3 Bg4 5. Be2 c6 6. O-O Bxf3 7. Bxf3 dxe5 8. dxe5 e6 9. Qe2 Qc7 10. Nd2 Nd7
11. Re1 Be7 12. Nb3 O-O-O 13. c4 N5b6 14. Bd2 Na4 15. Ba5 b6 16. Bd2 Nac5 17. Bc3 g5 18. Nd4 Nb8 19. a4 h5 20. Bxh5 Rh7
21. a5 Rdh8
0-1

[Event "on which square would you like to be mated?"]
[Site "SchemingMind.com"]
[Date "2008.07.10"]
[Round "-"]
[White "AlekhineKid"]
[Black "Pedro666"]
[Result "0-1"]
[WhiteCountry "USA"]
[BlackCountry "POL"]
[WhiteElo "1790"]
[WhiteRD "83"]
[BlackElo "2068"]
[BlackRD "81"]
[GameID "162797"]

1. d4 Nf6 2. c4 g6 3. Nc3 Bg7 4. e4 d6 5. f3 e5 6. dxe5 dxe5 7. Qxd8+ Kxd8 8. Bg5 h6 9. O-O-O+ Ke8 10. Bh4 c6
11. Nh3 Bxh3 12. gxh3 Nbd7 13. Kc2 Nc5 14. Bg2 g5
0-1

[Event "on which square would you like to be mated?"]
[Site "SchemingMind.com"]
[Date "2008.07.09"]
[Round "-"]
[White "AlekhineKid"]
[Black "WENDELL DUKES"]
[Result "0-1"]
[WhiteCountry "USA"]
[BlackCountry "USA"]
[WhiteElo "1713"]
[WhiteRD "78"]
[BlackElo "1898"]
[BlackRD "90"]
[GameID "162798"]

1. e4 c5 2. Nf3 Nc6 3. d4 cxd4 4. Nxd4 e6 5. Nc3 h6 6. Be3 a6 7. Qd2 Nf6 8. f3 Be7 9. O-O-O O-O 10. g4 d6
11. h4 Bd7 12. g5 Nh5 13. gxh6 g6 14. Rg1 Bxh4 15. Qh2 Nxd4 16. Bxd4 Bg5+ 17. Kb1 Kh7 18. Qxd6 Bc6 19. Qh2 Qe7 20. Bd3 Rfd8
21. Bb6 Rd7 22. e5 Bxf3 23. Bxg6+ Kxg6
0-1

[Event "on which square would you like to be mated?"]
[Site "SchemingMind.com"]
[Date "2008.07.14"]
[Round "-"]
[White "AlekhineKid"]
[Black "flodur"]
[Result "0-1"]
[WhiteCountry "USA"]
[BlackCountry "AUS"]
[WhiteElo "1790"]
[WhiteRD "83"]
[BlackElo "2023"]
[BlackRD "96"]
[GameID "162799"]

1. d4 Nf6 2. c4 e6 3. g3 d5 4. Bg2 dxc4 5. Nf3 Be7 6. O-O O-O 7. Qc2 a6 8. a4 Bd7 9. Qxc4 Bc6 10. Bg5 Bd5
11. Qc2 Be4
0-1

[Event "on which square would you like to be mated?"]
[Site "SchemingMind.com"]
[Date "2008.07.10"]
[Round "-"]
[White "faulty"]
[Black "AlekhineKid"]
[Result "1-0"]
[WhiteCountry "USA"]
[BlackCountry "USA"]
[WhiteElo "1957"]
[WhiteRD "84"]
[BlackElo "1713"]
[BlackRD "78"]
[GameID "162800"]

1. e4 c5 2. Nf3 d6 3. d4 cxd4 4. Nxd4 Nf6 5. Nc3 a6 6. Bg5 e6 7. f4 Be7 8. Qf3 Qc7 9. O-O-O Nbd7 10. Kb1 b5
11. f5 Ne5 12. Qg3 b4 13. Bxf6 Bxf6 14. Nce2 exf5 15. Nf4 fxe4 16. Nd5 Qd8 17. Qe3 O-O 18. Qxe4 Bd7 19. Bd3 Nxd3 20. Rxd3 Re8
21. Nxf6+ Qxf6 22. Qb7 Rad8 23. Qxb4 Rb8 24. Qd2 Bc6 25. Nb3 Rbd8 26. Rd1 Be4 27. Rxd6 Bxc2+ 28. Kxc2 Rxd6 29. Qxd6 Re2+ 30. Rd2
1-0

[Event "on which square would you like to be mated?"]
[Site "SchemingMind.com"]
[Date "2008.07.10"]
[Round "-"]
[White "dvaldez"]
[Black "AlekhineKid"]
[Result "1-0"]
[WhiteCountry "CAN"]
[BlackCountry "USA"]
[WhiteElo "1953"]
[WhiteRD "87"]
[BlackElo "1713"]
[BlackRD "78"]
[GameID "162801"]

1. e4 c5 2. Nf3 d6 3. d4 cxd4 4. Nxd4 Nf6 5. Nc3 a6 6. Be3 e5 7. Nb3 Be7 8. Be2 O-O 9. O-O Be6 10. Qd2 Nbd7
11. a4 Rc8 12. a5 Qc7 13. f3 Rfd8 14. Rfd1 h6 15. Kh1 d5 16. Nxd5 Nxd5 17. exd5 Bxd5 18. Qxd5
1-0

[Event "on which square would you like to be mated?"]
[Site "SchemingMind.com"]
[Date "2008.07.14"]
[Round "-"]
[White "calidore"]
[Black "AlekhineKid"]
[Result "1-0"]
[WhiteCountry "ISR"]
[BlackCountry "USA"]
[WhiteElo "1902"]
[WhiteRD "61"]
[BlackElo "1713"]
[BlackRD "78"]
[GameID "162802"]

1. e4 c5 2. c3 Nf6 3. e5 Nd5 4. d4 cxd4 5. cxd4 d6 6. Nf3 e6 7. Nc3 Nxc3 8. bxc3 Qc7 9. Bb2 Nd7 10. Qa4 Be7
11. Bd3 O-O 12. O-O dxe5 13. dxe5 Nc5 14. Qc2= Nxd3 15. Qxd3 Bd7 16. Rad1 Rad8 17. Qe4 Bc6 18. Qg4 Bxf3 19. Qxf3 Qxe5 20. Rfe1
1-0

[Event "on which square would you like to be mated?"]
[Site "SchemingMind.com"]
[Date "2008.07.10"]
[Round "-"]
[White "Pedro666"]
[Black "AlekhineKid"]
[Result "1-0"]
[WhiteCountry "POL"]
[BlackCountry "USA"]
[WhiteElo "2050"]
[WhiteRD "84"]
[BlackElo "1713"]
[BlackRD "78"]
[GameID "162803"]

1. d4 Nf6 2. Nf3 e6 3. g3 b6 4. Bg2 Bb7 5. O-O Be7 6. c4 O-O 7. Nc3 Ne4 8. Qc2 f5 9. Be3 c5 10. Nd2 cxd4
11. Ndxe4 Nc6 12. Bxd4
1-0

[Event "on which square would you like to be mated?"]
[Site "SchemingMind.com"]
[Date "2008.07.10"]
[Round "-"]
[White "WENDELL DUKES"]
[Black "AlekhineKid"]
[Result "1-0"]
[WhiteCountry "USA"]
[BlackCountry "USA"]
[WhiteElo "1898"]
[WhiteRD "90"]
[BlackElo "1713"]
[BlackRD "78"]
[GameID "162804"]

1. e4 c5 2. Nf3 d6 3. d4 cxd4 4. Qxd4 Nc6 5. Bb5 Bd7 6. Bxc6 Bxc6 7. O-O Nf6 8. Nc3 g6 9. Bg5 Bg7 10. Rad1 O-O
11. Qd3 Qa5 12. a3 Rac8 13. h3 Qb6 14. Rb1 h6 15. Be3 Qa6 16. Qxa6 bxa6 17. Nd2 Nd7 18. Bxa7 Ba8 19. Rfc1 Bxc3 20. bxc3 Rxc3
21. Rb3 Rfc8 22. Rxc3 Rxc3 23. f3 Rxa3 24. Nb3 a5 25. Ra1 Rxa1+ 26. Nxa1
1-0

[Event "on which square would you like to be mated?"]
[Site "SchemingMind.com"]
[Date "2008.07.14"]
[Round "-"]
[White "flodur"]
[Black "AlekhineKid"]
[Result "1-0"]
[WhiteCountry "AUS"]
[BlackCountry "USA"]
[WhiteElo "2023"]
[WhiteRD "96"]
[BlackElo "1790"]
[BlackRD "83"]
[GameID "162805"]

1. e4 c5 2. Nf3 d6 3. d4 cxd4 4. Nxd4 Nf6 5. Nc3 a6 6. Bg5 e6 7. f4 Be7 8. Qf3 Qc7 9. O-O-O Nbd7 10. g4 b5
11. Bxf6 Nxf6 12. g5 Nd7 13. a3
1-0

[Event "on which square would you like to be mated?"]
[Site "SchemingMind.com"]
[Date "2008.07.10"]
[Round "-"]
[White "schakert"]
[Black "AlekhineKid"]
[Result "1-0"]
[WhiteCountry "NED"]
[BlackCountry "USA"]
[WhiteElo "1794"]
[WhiteRD "67"]
[BlackElo "1790"]
[BlackRD "83"]
[GameID "162910"]

1. e4 c5 2. c3 Nf6 3. Qc2 Nc6 4. Bb5 a6 5. Bxc6 dxc6 6. d3 e5 7. Bg5 h6 8. Bh4 Be6 9. Nf3 Bd6 10. Nbd2 Qc7
11. O-O-O O-O 12. Bxf6 gxf6 13. Nh4 Rfd8 14. Ndf3 Qa5 15. Kb1 Qxa2+ 16. Kc1 Bb3 17. Qb1 Qxb1+ 18. Kxb1 Bxd1 19. Rxd1 a5 20. Nf5 Kh7
21. h3 a4 22. Nh2 a3 23. Ng4 h5 24. Nge3
1-0

[Event "on which square would you like to be mated?"]
[Site "SchemingMind.com"]
[Date "2008.07.10"]
[Round "-"]
[White "schakert"]
[Black "faulty"]
[Result "0-1"]
[WhiteCountry "NED"]
[BlackCountry "USA"]
[WhiteElo "1783"]
[WhiteRD "65"]
[BlackElo "1945"]
[BlackRD "75"]
[GameID "162911"]

1. e4 e5 2. Nf3 Nc6 3. c3 Nf6 4. d4 exd4 5. e5 Ne4 6. cxd4 Bb4+ 7. Nbd2 O-O 8. a3 Bxd2+ 9. Nxd2 Nxf2 10. Kxf2 Qh4+
11. Ke2 Nxd4+ 12. Kd3 d5 13. Nf3 Qe4+ 14. Kc3 Nxf3 15. gxf3 Qxe5+ 16. Qd4 Qh5 17. Bd3 c5 18. Qf4 d4+ 19. Kc2 Be6 20. Rg1 c4
21. Be4 Kh8 22. Qg5 Qxg5 23. Bxg5 f6 24. Bh4 Rf7 25. Rad1 d3+ 26. Kc3 f5 27. Bxd3 cxd3 28. Kxd3 Kg8 29. Rc1 Rd7+ 30. Ke3= Kf7
31. Rc3 Re8 32. Kf4 h6 33. Bf2 g5+ 34. Kg3 f4+ 35. Kg2 Rd2 36. Rc7+ Re7 37. Rxe7+ Kxe7 38. Re1 Rxb2 39. Kg1 b6 40. Bd4 Rb3
41. a4 Rxf3 42. a5 Rb3 43. Ra1 Kd6 44. axb6 axb6 45. Bg7 h5 46. Bh6 Rb5 47. h4 gxh4 48. Bxf4+ Kc5 49. Re1 Bg4 50. Be3+ Kc4
51. Rc1+ Kd3 52. Bf2 h3 53. Ra1 Rb3
0-1

[Event "on which square would you like to be mated?"]
[Site "SchemingMind.com"]
[Date "2008.07.12"]
[Round "-"]
[White "schakert"]
[Black "dvaldez"]
[Result "1-0"]
[WhiteCountry "NED"]
[BlackCountry "CAN"]
[WhiteElo "1783"]
[WhiteRD "65"]
[BlackElo "1898"]
[BlackRD "85"]
[GameID "162912"]

1. e4 c5 2. d4 cxd4 3. Nf3 Nc6 4. Nxd4 Nf6 5. Nc3 e5 6. Ndb5 d6 7. Bg5 a6 8. Na3 b5 9. Nd5 Be7 10. c4 Nxd5
11. Qxd5 Bxg5 12. Qxc6+ Kf8 13. Rd1 Ke7 14. c5 Bg4 15. f3 Qa5+ 16. Kf2 b4 17. Qxd6+ Ke8 18. Nc4 Qxa2 19. fxg4 Rd8 20. Qxe5+
1-0

[Event "on which square would you like to be mated?"]
[Site "SchemingMind.com"]
[Date "2008.07.10"]
[Round "-"]
[White "schakert"]
[Black "calidore"]
[Result "0-1"]
[WhiteCountry "NED"]
[BlackCountry "ISR"]
[WhiteElo "1779"]
[WhiteRD "68"]
[BlackElo "1874"]
[BlackRD "50"]
[GameID "162913"]

1. e4 Nf6 2. e5 Nd5 3. d4 d6 4. exd6 cxd6 5. c4 Nf6 6. Nc3 g6 7. Nf3 Bg7 8. Bg5 O-O 9. Be2 Nc6 10. O-O Bf5
11. a3 h6 12. Bh4 a6 13. d5 Ne5 14. Nxe5 dxe5 15. Qb3 Rb8 16. f4 exf4 17. Rxf4 Bd7 18. Bxf6 Bxf6 19. Bd3 Qc7 20. Raf1 Bg5
21. R4f3 Bg4 22. Rg3 f5 23. Na4 Bf4 24. Rxg4 Bxh2+ 25. Kh1 fxg4 26. d6 Rxf1+ 27. Bxf1 exd6 28. Kxh2 Rf8 29. c5+ Kh7 30. Qg3 Rxf1
31. cxd6 Qc6 32. Qd3 Qc1
0-1

[Event "on which square would you like to be mated?"]
[Site "SchemingMind.com"]
[Date "2008.07.10"]
[Round "-"]
[White "schakert"]
[Black "Pedro666"]
[Result "0-1"]
[WhiteCountry "NED"]
[BlackCountry "POL"]
[WhiteElo "1783"]
[WhiteRD "65"]
[BlackElo "2036"]
[BlackRD "79"]
[GameID "162914"]

1. e4 Nf6 2. e5 Nd5 3. d4 d6 4. exd6 exd6 5. c4 Nb6 6. Nc3 Be7 7. Bf4 Nc6 8. d5 Ne5 9. Bxe5 dxe5 10. Bd3 O-O
11. Qc2 f5 12. c5 Bxc5 13. Nb5 Qxd5 14. O-O-O Qxg2 15. Qxc5 Qxh1 16. Nxc7 Rb8 17. Qxe5 Bd7 18. Ne2 Qc6+ 19. Nc3 Rbc8
0-1

[Event "on which square would you like to be mated?"]
[Site "SchemingMind.com"]
[Date "2008.07.12"]
[Round "-"]
[White "schakert"]
[Black "WENDELL DUKES"]
[Result "0-1"]
[WhiteCountry "NED"]
[BlackCountry "USA"]
[WhiteElo "1783"]
[WhiteRD "65"]
[BlackElo "1899"]
[BlackRD "95"]
[GameID "162915"]

1. e4 e5 2. Nf3 Nc6 3. Bb5 Bc5 4. O-O Nge7 5. d3 O-O 6. Bg5 h6 7. Bxe7 Qxe7 8. Bxc6 bxc6 9. Nc3 a5 10. Re1 d6
11. d4 exd4 12. Nxd4 Bd7 13. Nf5 Qg5 14. Qf3 Rfe8 15. Qg3 Qxg3 16. Nxg3 a4 17. Rad1 a3 18. b3 Bg4 19. Rd3 Bb4 20. f3 Bc8
21. f4 Ba6 22. Rf3 d5 23. Rd1 dxe4 24. Ncxe4 Rad8 25. Rxd8 Rxd8 26. c3 Rd1+ 27. Kf2 Bd6 28. Nxd6 cxd6 29. Ke3 Re1+ 30. Kd4 Rb1
31. Rf2 Rb2
0-1

[Event "on which square would you like to be mated?"]
[Site "SchemingMind.com"]
[Date "2008.07.11"]
[Round "-"]
[White "AlekhineKid"]
[Black "schakert"]
[Result "1-0"]
[WhiteCountry "USA"]
[BlackCountry "NED"]
[WhiteElo "1979"]
[WhiteRD "91"]
[BlackElo "1779"]
[BlackRD "68"]
[GameID "162917"]

1. e4 Nf6 2. e5 Nd5 3. d4 d6 4. Nf3 dxe5 5. Nxe5 Bf5 6. c4 Nf6 7. Be3 e6 8. Qb3 b6 9. Qa4+ Nbd7 10. Nc6 Qc8
11. Nc3 Ne4 12. Be2 Nxc3 13. bxc3 Bd6 14. c5 bxc5 15. Ba6 Nb6 16. Qa5 Qd7 17. dxc5 Be4 18. Nd4 e5 19. Nf3
1-0

[Event "on which square would you like to be mated?"]
[Site "SchemingMind.com"]
[Date "2008.07.11"]
[Round "-"]
[White "faulty"]
[Black "schakert"]
[Result "0-1"]
[WhiteCountry "USA"]
[BlackCountry "NED"]
[WhiteElo "1952"]
[WhiteRD "70"]
[BlackElo "1779"]
[BlackRD "68"]
[GameID "162918"]

1. e4 e5 2. Nf3 Nc6 3. Bc4 Bc5 4. O-O Nf6 5. d3 h6 6. c3 O-O 7. d4 exd4 8. cxd4 Bb6 9. Nc3 d6 10. d5 Ne5
11. Nxe5 dxe5 12. Be3 Bxe3 13. fxe3 Bd7 14. h3 a6 15. a4 c6 16. Qb3 b5 17. Bd3 Qb6 18. Rf3 b4 19. Kh2 Qc5 20. dxc6 Bxc6
21. Na2 a5 22. Rc1 Qd6 23. Rd1 Rad8 24. Rff1 Qc5 25. Qc2 Qxe3 26. Qxc6 Rxd3 27. Rde1 Qg3+ 28. Kh1 Rd2 29. Rg1 Ng4
0-1

[Event "on which square would you like to be mated?"]
[Site "SchemingMind.com"]
[Date "2008.07.12"]
[Round "-"]
[White "dvaldez"]
[Black "schakert"]
[Result "1-0"]
[WhiteCountry "CAN"]
[BlackCountry "NED"]
[WhiteElo "1920"]
[WhiteRD "85"]
[BlackElo "1779"]
[BlackRD "68"]
[GameID "162919"]

1. e4 e5 2. Nf3 Nc6 3. Bb5 a6 4. Ba4 Nf6 5. O-O b5 6. Bb3 Bc5 7. c3 d6 8. d4 exd4 9. cxd4 Bb6 10. h3 O-O
11. Nc3 b4 12. Nd5 Nxe4 13. Nxb6 cxb6 14. Bd5 Qe8 15. Qc2 Bf5 16. Qxc6
1-0

[Event "on which square would you like to be mated?"]
[Site "SchemingMind.com"]
[Date "2008.07.15"]
[Round "-"]
[White "calidore"]
[Black "schakert"]
[Result "1-0"]
[WhiteCountry "ISR"]
[BlackCountry "NED"]
[WhiteElo "1867"]
[WhiteRD "47"]
[BlackElo "1794"]
[BlackRD "74"]
[GameID "162920"]

1. e4 e5 2. Nf3 Nc6 3. Bc4 Bc5 4. b4 Bxb4 5. c3 Be7 6. d4 exd4 7. Qb3 Na5 8. Bxf7+ Kf8 9. Qa4 dxc3 10. Bxg8 c2
11. Nc3
1-0

[Event "on which square would you like to be mated?"]
[Site "SchemingMind.com"]
[Date "2008.07.10"]
[Round "-"]
[White "Pedro666"]
[Black "schakert"]
[Result "1-0"]
[WhiteCountry "POL"]
[BlackCountry "NED"]
[WhiteElo "2094"]
[WhiteRD "89"]
[BlackElo "1721"]
[BlackRD "60"]
[GameID "162921"]

1. d4 d5 2. Nf3 Nf6 3. Bf4 Bf5 4. e3 e6 5. Bd3 Bxd3 6. Qxd3 Bd6 7. Qb5+ Nbd7 8. Bxd6 cxd6 9. Qxb7 Rb8 10. Qxa7 Rxb2
11. Qa4 O-O 12. O-O Qa8 13. Qxa8 Rxa8 14. a4 Rxc2 15. Na3 Rc6 16. Nb5 Nb6 17. Rfc1 Rxc1+ 18. Rxc1 Nc4 19. Ra1 Ne4 20. Ne1 Ned2
21. Nd3 f6 22. Nc7 Rc8 23. Nb5 Nb3 24. Ra2 Nba5= 25. f3 Kf7 26. e4 dxe4 27. fxe4 Ke7 28. Kf2 Kd7 29. Rc2 Nb6 30. Rxc8 Nxc8
31. Nb4 Nb6 32. Nc3 Nbc4 33. Ke2 Nb2 34. Nd3 Nbc4 35. d5 Nb3 36. dxe6+ Kxe6 37. g4 Nd4+ 38. Kf2 Nc6 39. Nd5 Nd2 40. Nc3 Nc4
41. h4 g5 42. h5 N6e5 43. Nxe5 Kxe5 44. Kf3 h6 45. Nb5 Nd2+ 46. Ke3 Nc4+ 47. Kf3 Nd2+ 48. Ke3 Nxe4 49. a5 Nc5 50. Nc7 d5
51. a6 d4+ 52. Kf3 Nd7 53. a7 Nb6 54. Ne8 f5 55. gxf5 g4+ 56. Kxg4 Ke4 57. f6 d3 58. Nd6+ Kd5 59. Kf5 Kxd6 60. Kg6 d2
61. f7 d1=Q 62. f8=Q+ Kd7 63. Qxh6 Qd6+ 64. Kh7
1-0

[Event "on which square would you like to be mated?"]
[Site "SchemingMind.com"]
[Date "2008.07.13"]
[Round "-"]
[White "WENDELL DUKES"]
[Black "schakert"]
[Result "1-0"]
[WhiteCountry "USA"]
[BlackCountry "NED"]
[WhiteElo "1899"]
[WhiteRD "95"]
[BlackElo "1783"]
[BlackRD "65"]
[GameID "162922"]

1. e4 e5 2. Nc3 Nc6 3. Nf3 Nf6 4. Bb5 a6 5. Bxc6 dxc6 6. O-O Bd6 7. h3 Rg8 8. d3 Bd7 9. Bg5 h6 10. Bh4 g5
11. Bg3 Nh5 12. Bxe5 Nf4 13. Bxd6 cxd6 14. Nh2 Qb6 15. Rb1 O-O-O 16. Ng4 h5 17. Nf6 Rh8 18. Nxd7 Rxd7 19. Ne2 Ng6 20. Ng3 Nf4
21. Ne2 Ng6 22. Ng3 Nf4 23. Nf5 f6 24. Kh2 d5 25. exd5 cxd5 26. g3 Qe6 27. gxf4 Qxf5 28. Qd2 g4 29. h4 d4 30. Kg3 Re7
31. Rfe1 Rhe8 32. Rxe7 Rxe7 33. Re1 Qd7 34. Re4 f5 35. Re5 Rf7 36. Qa5 Kb8 37. Qd5
1-0

[Event "on which square would you like to be mated?"]
[Site "SchemingMind.com"]
[Date "2008.07.15"]
[Round "-"]
[White "flodur"]
[Black "schakert"]
[Result "0-1"]
[WhiteCountry "AUS"]
[BlackCountry "NED"]
[WhiteElo "2036"]
[WhiteRD "87"]
[BlackElo "1839"]
[BlackRD "63"]
[GameID "162923"]

1. e4 e5 2. Nf3 Nc6 3. Bb5 a6 4. Ba4 Nf6 5. O-O b5 6. Bb3 Bc5 7. a4 Bb7 8. d3 h6 9. Nc3 O-O 10. axb5 axb5
11. Nxb5 Rxa1 12. Na3 Rxc1 13. Qxc1 d6 14. Nb5 Ba6 15. Nc3 Nd4 16. Nxd4 Bxd4 17. Ne2 Bb6 18. Ng3 Bc8 19. h3 Nh7 20. Kh2 Be6
21. Ba4 f5 22. exf5 Bxf5 23. Bb3+ Kh8 24. f4 exf4 25. Rxf4 Bg6 26. Rg4 Bf7 27. Ba4 Be6 28. Re4 Bd5 29. Re2 Rf2 30. Qe1 Rxe2
31. Qxe2 Nf6 32. c3 Qa8 33. Bc2 Qa1 34. d4 Qc1 35. Qf2 c5 36. Bd3 cxd4 37. cxd4 Qg5 38. Nf5 Ne4 39. Qf3 Nf6 40. h4 Qd2
41. Qg3 Nh5 42. Qg4 Qxd3 43. Qxh5 Bxd4
0-1

[Event "on which square would you like to be mated?"]
[Site "SchemingMind.com"]
[Date "2008.07.14"]
[Round "-"]
[White "smothered mate"]
[Black "AlekhineKid"]
[Result "1-0"]
[WhiteCountry "POL"]
[BlackCountry "USA"]
[WhiteElo "1931"]
[WhiteRD "51"]
[BlackElo "1790"]
[BlackRD "83"]
[GameID "162974"]

1. e4 c5 2. c3 Nf6 3. e5 Nd5 4. g3 Nc6 5. Bg2 e6 6. d4 cxd4 7. cxd4 d6 8. f4 dxe5 9. dxe5 Bb4+ 10. Bd2 Ne3
11. Bxc6+ bxc6 12. Qc1 Bxd2+ 13. Qxd2 Qb6 14. Nc3 Ba6 15. Nge2 Rd8 16. Qc1 Ng4 17. Ne4 Bd3 18. Nd6+ Rxd6 19. exd6 Qf2+ 20. Kd2 Qxe2+
21. Kc3
1-0